Logo BPK

Biblioteka

Politechniki Koszalińskiej

Wewnątrz komputera IBM PC i PS/2 / (Rekord nr 6273)

Szczegóły MARC
000 -ETYKIETA REKORDU
podpole kontrolne o stałej długości 00860nam a2200277 i 4500
001 - NUMER KONTROLNY REKORDU
pole kontrolne bg
020 ## - MIĘDZYNARODOWY ZNORMALIZOWANY NUMER KSIĄŻKI - ISBN
ISBN 8386149000
040 ## - ŹRÓDŁO KATALOGOWANIA
Instytucja, która utworzyła rekord BPK
041 1# - KOD JĘZYKA
Kod języka tekstu pl
Kod języka oryginału en
080 ## - UNIWERSALNA KLASYFIKACJA DZIESIĘTNA - UKD
UKD 681.322(07)
920 ## - Międzynarodowy znormalizowany numer książki – ISBN
ISBN 83-86149-00-0
008 - POLE O STAŁEJ DŁUGOŚCI - DANE KONTROLNE
podpole kontrolne o stałej długości s pl f |000 0 pol
100 1# - NAZWA OSOBOWA
Nazwa osobowa NORTON, Peter
245 10 - TYTUŁ/ODPOWIEDZIALNOŚĆ
Tytuł Wewnątrz komputera IBM PC i PS/2 /
Pozostałe elementy strefy tytułu i oznaczenia odpowiedzialności Peter Norton ; [tł. z ang. Wojciech M. Próchniewicz].
246 1# - WARIANT TYTUŁU
Tytuł Wewnątrz komputera IBM PC oraz PS/2
250 ## - STREFA WYDANIA
Oznaczenie wydania Wyd. 4.
260 ## - STREFA ADRESU WYDAWNICZEGO
Miejsce wydania Warszawa :
Nazwa wydawcy/dystrybutora "Translator",
Data publikacji, dystrybucji/powstania dokumentu cop.[1991].
300 ## - STREFA OPISU FIZYCZNEGO
Objętość 315 s. :
Inne cechy fizyczne rys., wykr. ;
Rozmiary 24 cm.
500 ## - UWAGI OGÓLNE
Tekst uwagi Tyt. okł.: Wewnątrz IBM PC oraz PS/2". - Na okł. wyd.1.
500 ## - UWAGI OGÓLNE
Tekst uwagi Oryg.: Inside IBM PC and PS/2".
504 ## - UWAGA DOTYCZĄCA BIBLIOGRAFII
Informacje o bibliografii Indeks.
650 #9 - HASŁO PRZEDMIOTOWE W FORMIE NAZWY OGÓLNEJ LUB JEDNOSTKOWEJ
Nazwa ogólna lub geograficzna Komputery
Określnik ogólny budowa i organizacja
655 ## - TERMIN INDEKSOWY - OKREŚLENIE RODZAJU/FORMY DOKUMENTU
Określenie rodzaju/formy dokumentu Podręczniki
700 1# - HASŁO DODATKOWE - NAZWA OSOBOWA
Nazwa osobowa PRÓCHNIEWICZ, Wojciech M.
Określenie związku między hasłem a opisywanym materiałem Tł.
856 ## - LOKALIZACJA I DOSTĘP DO ELEKTRONICZNYCH DOKUMENTÓW ZDALNYCH
Link (URL) http://koha.tu.koszalin.pl/cgi-bin/koha/opac-detail.pl?biblionumber=6273
Tekst linku Katalog online BPK
942 ## - DODATKOWE ELEMENTY (KOHA)
Typ dokumentu Książka
Egzemplarze
Wycofany Status egzemplarza Uszkodzony Dostępność Lokalizacja stała Lokalizacja bieżąca Miejsce przechowywania Sygnatura Kod kreskowy Typ dokumentu
      Dostępny Biblioteka Politechniki Koszalińskiej Biblioteka Politechniki Koszalińskiej Wypożyczalnia BG P 46916 01591262 Książka
© 2023 Biblioteka Politechniki Koszalińskiej :: KOHA